000 00886nam a2200265Ia 4500
003 OSt
005 20221005104921.0
006 a|||||r|||| 00| 0
007 ta
008 221004b |||||||| |||| 00| 0 hin d
020 _a9788190423274 (hbk)
_c495
024 _a105578
037 _b12962, 19/03/2011, Kitab Ghar
_cTextual
040 _aCRL
_cCRL
_bhin
041 _2hin
_ahin
082 _aY:351.245, 152Q0
100 _aवशिष्ठ, सुदर्शन
245 0 _aलोकवार्ता
246 _aLokavārtā
260 _aदिल्ली
_bसुहानी बुक्स भारत
_c2010
300 _a332पृ0
_ccm.
490 _aहिमालय गाथा; 5
942 _hY:351.245, 152Q0
_cTEXL
_2cc
999 _c1014184
_d1014184